Greek YouTubers-sudden death - Statistics

General Stats
  • This quiz has been taken 9 times
  • The average score is 4 of 15
Answers on the Grid
Answers color-coded by a green-red scale on the quiz's grid according to % correct below.
Gianuba
Caylus
PanosDent
Orpheus' games
Aris The Greek Hound
Metallica
Geo sp
Neverlander
Mapper-from-greece
Alekkun
Lawbymike
Mr beast Jr
5minute craft
Γεώργης Παπαδόπουλος
I_love history
Orpheus' games 2 (reacts)
Quimic
Sammy
Jandel
Usa_is nice
Dude theft wars GR
Gl show
Gl best
Gl gaming
Gamingwithkev
Narrow
Amogus_sus67
Try not to laugh
ZackDfilms
Brawl reflex
 
Answer Stats
Answer % Correct
PanosDent
67%
Aris The Greek Hound
33%
Dude theft wars GR
33%
Gianuba
33%
Gl gaming
33%
Gl show
33%
Alekkun
17%
Brawl reflex
17%
Geo sp
17%
Gl best
17%
Neverlander
17%
Orpheus' games
17%
Orpheus' games 2 (reacts)
17%
Mapper-from-greece
0%
Try not to laugh
0%
No matching quizzes found
Score Distribution
Percent of People with Each Score
Percentile by Number Answered
Your Score History
You have not taken this quiz